Turkism and the Soviets : (Record no. 41720)
[ view plain ]
| 000 -LEADER | |
|---|---|
| fixed length control field | 00915cam a22002651 4500 |
| 001 - CONTROL NUMBER | |
| control field | 41720 |
| 003 - CONTROL NUMBER IDENTIFIER | |
| rucl marc code | BD-RjUL |
| 005 - DATE AND TIME OF LATEST TRANSACTION | |
| control field | 20211209053435.0 |
| 008 - FIXED-LENGTH DATA ELEMENTS--GENERAL INFORMATION | |
| fixed length control field | 160605s1957 enkab b 001 0 eng |
| 035 ## - SYSTEM CONTROL NUMBER | |
| System control number | (BD-RjUL)41838 |
| System control number | (OCoLC) |
| 040 ## - CATALOGING SOURCE | |
| Original cataloging agency | DLC |
| Transcribing agency | ODaWU |
| Modifying agency | OCoLC |
| -- | WaChenE |
| -- | DLC |
| Language of cataloging | eng |
| 041 ## - LANGUAGE CODE | |
| Language code of text/sound track or separate title | eng |
| 082 ## - DEWEY DECIMAL CLASSIFICATION NUMBER | |
| Classification number | 325.560947 |
| Edition number | 23 |
| Author mark and year | HOT 1957 |
| 100 1# - MAIN ENTRY--PERSONAL NAME | |
| Personal name | Hostler, Charles Warren. |
| 9 (RLIN) | 128160 |
| 245 10 - TITLE STATEMENT | |
| Title | Turkism and the Soviets : |
| Remainder of title | the Turks of the world and their political objectives / |
| Statement of responsibility, etc. | Charles Warren Hostler |
| 260 ## - PUBLICATION, DISTRIBUTION, ETC. (IMPRINT) | |
| Place of publication, distribution, etc. | London : |
| Name of publisher, distributor, etc. | G. Allen & Unwin; |
| Place of publication, distribution, etc. | New York, |
| Name of publisher, distributor, etc. | F.A. Praeger, |
| Date of publication, distribution, etc. | [1957]. |
| 300 ## - PHYSICAL DESCRIPTION | |
| Pagination | xiv, 244 p. : |
| Illustrations | maps, tables ; |
| Size | 22 cm. |
| 504 ## - BIBLIOGRAPHY, ETC. NOTE | |
| Bibliography, etc | Bibliography: p. 222-236. |
| 650 #0 - SUBJECT ADDED ENTRY--TOPICAL TERM | |
| Topical term or geographic name as entry element | Turkic peoples. |
| 9 (RLIN) | 128161 |
| Topical term or geographic name as entry element | Pan-Turanianism. |
| 9 (RLIN) | 128162 |
| 942 ## - ADDED ENTRY ELEMENTS (KOHA) | |
| Source of classification or shelving scheme | Dewey Decimal Classification |
| Koha item type | Books |
| Lost status | Source of classification or shelving scheme | Damaged status | Not for loan | Collection code | Permanent Location | Current Location | Shelving location | Date acquired | Source of acquisition | Cost, normal purchase price | Total Checkouts | Full call number | Date last seen | Copy number | Koha item type |
|---|---|---|---|---|---|---|---|---|---|---|---|---|---|---|---|
| Dewey Decimal Classification | Non-fiction | Central Library, University of Rajshahi | Central Library, University of Rajshahi | 13/12/1963 | Sh. M. Ashraf, Lahore. | 24.00 | 325.560947 HOT 1957 | 05/06/2016 | C-2 | Books | |||||
| Dewey Decimal Classification | Non-fiction | Central Library, University of Rajshahi | Central Library, University of Rajshahi | 24/03/1964 | Zittinger | 32.00 | 325.560947 HOT 1957 | 05/06/2016 | C-3 | Books |